Portrait de la délinquance: rapport final

Gespeichert in:  
Bibliographische Detailangaben
1. VerfasserIn: Fréchette, Marcel (Verfasst von)
Medienart: Druck Buch
Sprache:Französisch
Veröffentlicht: Montréal Univ. de Montréal 1980
In: Cahier (1)
Jahr: 1980
Bestand in Tübingen:In Tübingen vorhanden.
UB: KB 2 B 497
Verfügbarkeit prüfen: HBZ Gateway
Subito Bestelldienst: Jetzt bestellen.

MARC

LEADER 00000cam a22000002c 4500
001 1090670575
003 DE-627
005 20220514123306.0
007 tu
008 900608s1980 xx ||||| 00| ||fre c
035 |a (DE-627)1090670575 
035 |a (DE-576)020670575 
035 |a (DE-599)BSZ020670575 
035 |a (OCoLC)311267738 
040 |a DE-627  |b ger  |c DE-627  |e rakwb 
041 |a fre 
100 1 |a Fréchette, Marcel  |4 aut 
245 1 0 |a Portrait de la délinquance  |b rapport final  |c Marcel Fréchette 
264 1 |a Montréal  |b Univ. de Montréal  |c 1980 
300 |a 430 S. 
336 |a Text  |b txt  |2 rdacontent 
337 |a ohne Hilfsmittel zu benutzen  |b n  |2 rdamedia 
338 |a Band  |b nc  |2 rdacarrier 
490 1 |a Cahier / École de Criminologie, Université de Montréal  |v 1 
583 1 |a Archivierung prüfen  |c 20200919  |f DE-640  |z 1  |2 pdager 
810 2 |a École de criminologie  |g Montréal  |t Cahier  |v 1  |9 1  |w (DE-627)1083256769  |w (DE-576)013256769  |7 am 
951 |a BO 
ELC |b 1 
LOK |0 000 xxxxxcx a22 zn 4500 
LOK |0 001 2145955380 
LOK |0 003 DE-627 
LOK |0 004 1090670575 
LOK |0 005 20020606000000 
LOK |0 008 900608||||||||||||||||ger||||||| 
LOK |0 040   |a DE-21  |c DE-627  |d DE-21 
LOK |0 852   |a DE-21 
LOK |0 852 1  |c KB 2 B 497  |9 00 
LOK |0 935   |a krim 
LOK |0 936ln  |a k11.1.2.1 
LOK |0 939   |a 08-06-90  |b l01 
ORI |a SA-MARC-krimdoka001.raw 
SIG |a UB: KB 2 B 497